header

Suffering and dignity in the twilight of life (Record no. 113829)

MARC details
000 -LEADER
fixed length control field 01455nam a2200337Ia 4500
245 00 - TITLE STATEMENT
Title Suffering and dignity in the twilight of life
260 ## - PUBLICATION, DISTRIBUTION, ETC. (IMPRINT)
Place of publication The Hague :
Name of publisher Kugler ;
Place of publication Brussels :
Name of publisher European Institute of Bioethics ;
Place of publication Walden, NY :
Name of publisher Library Research Associates [distributor for US and Canada],
Year of publication c2004.
300 ## - PHYSICAL DESCRIPTION
Number of Pages x, 180 p.
650 #0 - SUBJECT ADDED ENTRY--TOPICAL TERM
Topical Term Terminally ill
Topical Term Death
Topical Term Terminal care
Topical Term Life and death, Power over
700 1# - ADDED ENTRY--PERSONAL NAME
Personal name Ars, B.
Personal name Montero, Etienne.
856 40 - ELECTRONIC LOCATION AND ACCESS
Uniform Resource Identifier http://site.ebrary.com/lib/rucke/Doc?id=10505638

No items available.

© 2026 Rongo University
Contact us: librarian | system librarian | Rongo university